Ресурсоэффективность в бурении скважин на шельфе; Творчество юных - шаг в успешное будущее

Dettagli Bibliografici
Parent link:Творчество юных - шаг в успешное будущее.— 2014.— [С. 329-333]
Autore principale: Барцайкин В. В.
Ente Autore: Национальный исследовательский Томский политехнический университет (ТПУ) Институт природных ресурсов (ИПР) Кафедра экономики природных ресурсов (ЭПР)
Altri autori: Козлова Н. В. Наталия Владиславовна (научный руководитель)
Riassunto:Заглавие с титульного экрана
Lingua:russo
Pubblicazione: 2014
Serie:Новейшие системы, техника и технологии освоения морей и океанов
Soggetti:
Accesso online:http://www.lib.tpu.ru/fulltext/c/2015/C66/120.pdf
Natura: MixedMaterials Elettronico Capitolo di libro
KOHA link:https://koha.lib.tpu.ru/cgi-bin/koha/opac-detail.pl?biblionumber=612531

MARC

LEADER 00000naa2a2200000 4500
001 612531
005 20260424113234.0
035 |a (RuTPU)RU\TPU\conf\10653 
035 |a RU\TPU\conf\10652 
090 |a 612531 
100 |a 20150618d2014 k y0rusy50 ca 
101 0 |a rus 
102 |a RU 
135 |a drcn ---uucaa 
181 0 |a i  
182 0 |a b 
200 1 |a Ресурсоэффективность в бурении скважин на шельфе  |f В. В. Барцайкин  |g науч. рук. Н. В. Козлова 
203 |a Текст  |c электронный 
225 1 |a Новейшие системы, техника и технологии освоения морей и океанов 
300 |a Заглавие с титульного экрана 
320 |a [Библиогр.: с. 329-333 (12 назв.)] 
337 |a Adobe Reader 
463 1 |0 (RuTPU)RU\TPU\conf\10372  |t Творчество юных - шаг в успешное будущее  |o материалы VII Всероссийской научной студенческой конференции с элементами научной школы имени профессора М.К. Коровина, г. Томск, 10-14 ноября 2014 г.  |f Национальный исследовательский Томский политехнический университет (ТПУ) ; под ред. А. Ю. Дмитриева  |v [С. 329-333]  |d 2014 
610 1 |a труды учёных ТПУ 
610 1 |a электронный ресурс 
610 1 |a ресурсоэффективность 
610 1 |a бурение 
610 1 |a скважины 
610 1 |a шельфы 
700 1 |a Барцайкин  |b В. В. 
702 1 |a Козлова  |b Н. В.  |c экономист  |c старший преподаватель Томского политехнического университета  |f 1966-  |g Наталия Владиславовна  |4 727 
712 0 2 |a Национальный исследовательский Томский политехнический университет (ТПУ)  |b Институт природных ресурсов (ИПР)  |b Кафедра экономики природных ресурсов (ЭПР)  |3 (RuTPU)RU\TPU\col\18668 
801 2 |a RU  |b 63413507  |c 20161015  |g RCR 
856 4 |u http://www.lib.tpu.ru/fulltext/c/2015/C66/120.pdf 
942 |c BK